Statistics for Every National Anthem by the First Line

Click here to take the quiz!

General Stats

  • This quiz has been taken 26 times
  • The average score is 92 of 191

Answer Stats

First LineCountry% Correct
Allons enfants de la Patrie,France
94%
God save our gracious Queen!United Kingdom
94%
Einigkeit und Recht und FreiheitGermany
89%
Azərbaycan! Azərbaycan!Azerbaijan
83%
O Canada!Canada
83%
Oi maamme, Suomi, synnyinmaa,Finland
83%
Fratelli d'Italia,Italy
83%
Dievs, svētī Latviju!Latvia
83%
Mexicanos, al grito de guerraMexico
83%
Jeszcze Polska nie zginęła,Poland
83%
Россия — священная наша держава,Russia
83%
Oh, Uganda! may God uphold thee,Uganda
83%
Fair Antigua and Barbuda.Antigua and Barbuda
78%
Australians all let us rejoice,Australia
78%
Noble Belgique, ô mère chérie,
Belgium
78%
O Cameroon, Thou Cradle of our Fathers,Cameroon
78%
Indonesia, tanah airkuIndonesia
78%
Wilhelmus van NassouweNetherlands
78%
Salve a ti, Nicaragua! En tu suelo,Nicaragua
78%
Deșteaptă-te, române, din somnul cel de moarte,Romania
78%
Sons and daughters of Saint Lucia,Saint Lucia
78%
Mari kita rakyat SingapuraSingapore
78%
God Save our Solomon Islands from shore to shoreSolomon Islands
78%
Enfants du Bénin, debout!Benin
72%
Bolivianos: el hado propicioBolivia
72%
起来!不愿做奴隶的人们!China
72%
For The Gambia, our homelandGambia
72%
God bless our homeland GhanaGhana
72%
Σε γνωρίζω από την κόψηGreece
72%
Hail! Grenada, land of ours,Grenada
72%
¡Guatemala feliz...! que tus arasGuatemala
72%
Dear land of Guyana, of rivers and plainsGuyana
72%
Isten, áldd meg a magyartHungary
72%
Ó, guð vors lands! Ó, lands vors guð!Iceland
72%
Lietuva, Tėvyne mūsų,Lithuania
72%
A ton appel MaliMali
72%
Namibia, land of the braveNamibia
72%
Ja, vi elsker dette landet,Norway
72%
Saint Vincent, Land so beautifulSaint Vincent and the
Grenadines
72%
Samoa, tula'i ma sisi ia lau fu'a, lou pale lea;Samoa
72%
God zij met ons SurinameSuriname
72%
Du gamla, Du fria, Du fjällhöga nordSweden
72%
Ще не вмерла України і слава, і воля,Ukraine
72%
Land der Berge, Land am Strome,Austria
67%
Lift up your head to the rising sun, Bahamaland;Bahamas
67%
Мы, беларусы – мірныя людзі,Belarus
67%
Горда Стара планина,Bulgaria
67%
Burundi bwacu, Burundi buhire,Burundi
67%
Puro, Chile, es tu cielo azulado.Chile
67%
Debout Congolais,Democratic Republic
of the Congo
67%
Pátria, Pátria, Timor-Leste, nossa Nação.East Timor
67%
Blessing grant oh God of nations on the isles of FijiFiji
67%
Teirake kaaini Kiribati,Kiribati
67%
All hail, Liberia, hail!Liberia
67%
Oben am jungen RheinLiechtenstein
67%
Auprès du grand Niger puissantNiger
67%
아침은 빛나라 이 강산North Korea
67%
Денес над Македонија се раѓа,North Macedonia
67%
Heróis do mar, nobre povo,Portugal
67%
동해 물과 백두산이 마르고 닳도록,South Korea
67%
Tuvalu mo te Atua,Tuvalu
67%
O say can you see, by the dawn's early light,United States
67%
Đoàn quân Việt Nam đi chung lòng cứu quốcVietnam
67%
Stand and sing of Zambia, proud and free,Zambia
67%
El gran Carlemany, mon pare,Andorra
61%
Der er et yndigt land,Denmark
61%
Sinne Fianna Fáil,Ireland
61%
Mlungu dalitsani Malaŵi,Malawi
61%
Nauru bwiema, ngabena ma auwe.Nauru
61%
Rwanda nziza Gihugu cyacuRwanda
61%
Боже правде, ти што спасеSerbia
61%
Nkosi Sikelel' iAfrikaSouth Africa
61%
O felix Roma – o felix Roma nobilis:Vatican City
61%
Oíd, mortales, el grito sagrado:Argentina
56%
Ô Centrafrique, ô berceau des Bantous!Central African Republic
56%
君が代はJapan
56%
Lesotho fatše la bo-ntat'a rona;Lesotho
56%
Žive naj vsi narodiSlovenia
56%
ประเทศไทยรวมเลือดเนื้อชาติเชื้อไทยThailand
56%
Ouviram do Ipiranga as margens plácidasBrazil
50%
Peuple Tchadien, debout et à l'ouvrage!Chad
50%
Kde domov můj, kde domov můj,Czech Republic
50%
Mu isamaa, mu õnn ja rõõm,Estonia
50%
Nkulunkulu Mnikati wetibusiso temaSwati;Eswatini
50%
Pour le Pays, Pour les ancêtres,Haiti
50%
כֹּל עוֹד בַּלֵּבָב פְּנִימָהIsrael
50%
Negaraku,Malaysia
50%
Limba noastră-i o comoarăMoldova
50%
A los pueblos de América, infaustoParaguay
50%
Nad Tatrou sa blýskaSlovakia
50%
Korkma! Sönmez bu şafaklarda yüzen al sancak,Turkey
50%
¡Orientales, la Patria o la Tumba!Uruguay
50%
Simudzai mureza wedu weZimbabweZimbabwe
50%
Rreth flamurit të përbashkuarAlbania
44%
¡O, gloria inmarcesible!Colombia
44%
Lijepa naša domovino,Croatia
44%
Σε γνωρίζω από την κόψηCyprus
44%
بلادي بلادي بلاديEgypt
44%
የዜግነት ፡ ክብር ፡ በኢትዮጵያችን ፡ ጸንቶ ፣Ethiopia
44%
ჩემი ხატია სამშობლო,Georgia
44%
जन-गण-मन अधिनायक जय हे, भारत भाग्य विधाता!India
44%
Wou d'Uelzecht durech d'Wisen zéit,Luxembourg
44%
Lil din l-art ħelwa, l-Omm li tatna isimha,Malta
44%
Despoei tugiù, sciü d'u nostru paiseMonaco
44%
Ој свијетла мајска зоро.Montenegro
44%
God of Nations at Thy feet,New Zealand
44%
Somos libresPeru
44%
Trittst im Morgenrot daher,Switzerland
44%
三民主義,吾黨所宗,Taiwan
44%
Gloria al bravo puebloVenezuela
44%
قسما بالنازلات الماحقاتAlgeria
39%
Մեր Հայրենիք, ազատ անկախ,Armenia
39%
འབྲུག་ཙན་དན་བཀོད་པའི་རྒྱལ་ཁབ་ནང་།།Bhutan
39%
សូមពួកទេព្តា រក្សាមហាក្សត្រយើងCambodia
39%
¡Al combate, corred, bayameses!,Cuba
39%
Isle of beauty, isle of splendour,Dominica
39%
¡Salve, Oh Patria, mil veces, oh Patria!Ecuador
39%
Eternal Father bless our landJamaica
39%
ຊາດລາວຕັ້ງແຕ່ໃດມາLaos
39%
ޤައުމީ މިއެކުވެރިކަން މަތީ ތިބެގެން ކުރީމެ ސަލާމްMaldives
39%
Дархан манай тусгаар улсMongolia
39%
सयौं थुँगा फूलका हामी, एउटै माला नेपालीNepal
39%
Bayang magiliw,Philippines
39%
حماة الحمى يا حماة الحمىTunisia
39%
Ó Pátria, nunca mais esqueceremosAngola
33%
আমার সোনার বাংলা, আমি তোমায় ভালোবাসি।Bangladesh
33%
Ya Allah lanjutkanlah UsiaBrunei
33%
¡Noble patria!, tu hermosa banderaCosta Rica
33%
Quisqueyanos valientes, alcemosDominican Republic
33%
Caminemos pisando las sendasEquatorial Guinea
33%
ኤርትራ ኤርትራ ኤርትራ፡Eritrea
33%
سر زد از افق مهر خاورانIran
33%
موطني موطنيIraq
33%
منبت الأحرارMorocco
33%
Belau loba klisiich er a kelulul,Palau
33%
Alcanzamos por fin la victoriaPanama
33%
O arise all you sons of this land,Papua New Guinea
33%
Independência total,São Tomé and Príncipe
33%
ශ්‍රී ලංකා මාතා අප ශ්‍රීSri Lanka
33%
نحن جند الله جند الوطن إن دعا داعي الفداء لم نخنSudan
33%
حـماة الـديارِ عليكم سـلامSyria
33%
Yumi, yumi, yumi i glat longi talem seVanuatu
33%
In plenty and in time of needBarbados
28%
O, Land of the Free by the Carib Sea,Belize
28%
Canta, irmãoCape Verde
28%
Saludemos la patria orgullososEl Salvador
28%
This here we are pledging,Federated States of
Micronesia
28%
Tu bandera, tu bandera es un lampo de cieloHonduras
28%
Ак мөңгүлүү аска, зоолор, талаалар,Kyrgyzstan
28%
يا بلادي يا بلاديLibya
28%
Aelōn̄ eo ao ion lometo;Marshall Islands
28%
يا ربنا احفظ لنا جلالة السلطانOman
28%
O Land of Beauty!Saint Kitts and Nevis
28%
Диёри арҷманди мо,Tajikistan
28%
ʻE ʻotua māfimafiTonga
28%
Forged from the love of libertyTrinidad and Tobago
28%
بحرينناBahrain
22%
عاش المليكJordan
22%
وطني الكويت سلمت للمجدKuwait
22%
كلنا للوطن للعلى للعلمLebanon
22%
Ry Tanindrazanay malala ô!Madagascar
22%
بلاد الأباة الهداة الكرامMauritania
22%
Na memória de África e do MundoMozambique
22%
တရားမျှတ လွတ်လပ်ခြင်းနဲ့မသွေ၊Myanmar
22%
Arise, O CompatriotsNigeria
22%
پاک سرزمین شاد بادPakistan
22%
قسما قسماQatar
22%
سارعيSaudi Arabia
22%
Pincez tous vos koras, frappez les balafons.Senegal
22%
Janym gurban saňa, erkana ýurdumTurkmenistan
22%
عيشي بلادي عاش اتحاد إماراتناUnited Arab Emirates
22%
Serquyosh, hur oʻlkam, elga baxt, najot,Uzbekistan
22%
رددي أيتها الدنيا نشيديYemen
22%
Fatshe leno la ronaBotswana
17%
Contre la férule humiliante il y a déjà mille ans,Burkina Faso
17%
I béramu isi pépézaComoros
17%
Peuple d'Afrique,Guinea
17%
Sol, suor e o verde e mar,Guinea-Bissau
17%
Altyn kün aspany,Kazakhstan
17%
En ce jour le soleil se lèveRepublic of the Congo
17%
Sesel ou menm nou sel patri.Seychelles
17%
Qolobaa calankeedu, waa ceynoo,Somalia
17%
Mungu ibariki AfrikaTanzania
17%
Hinjinne u sara kacaDjibouti
11%
Salut Ô terre d'espérance;Ivory Coast
11%
Ee Mungu nguvu yetuKenya
11%
Glory to thee, MotherlandMauritius
11%
High we exalt thee, realm of the free;Sierra Leone
11%
Oh GodSouth Sudan
11%
Salut à toi pays de nos aïeux,Togo
11%
Uni dans la Concorde et la fraternitéGabon
6%

Score Distribution

Percentile by Number Answered

Percent of People with Each Score

Your Score History

You have not taken this quiz